Subjects in Elementary School - Statistics

General Stats
  • This quiz has been taken 183 times
  • The average score is 5 of 7
Answer Stats
Subjects % Correct
Math
99%
Science
92%
Art
75%
Music
66%
Social Studies
58%
Reading
56%
Gym
39%
No matching quizzes found
Score Distribution
Percent of People with Each Score
Percentile by Number Answered
Your Score History
You have not taken this quiz